00702nam a2200217Ia 450000500170000000800410001702000220005804100080008008200160008810000200010424500400012426000390016430000080020350000280021165000350023970000200027490600080029494200070030299900170030995201580032620230422132425.0230125s9999 xx 000 0 und d a978-81-317-5865-6 aeng a658.45bMEH aMehra P9115402 aBusiness Communication for Managers c2014bPearson EducationaNew Delhi a370 aBusiness Communication  aBusiness Communication9113756 aMehra P9115402 b103 cBK c93213d93213 00104070aHIMRbHIMRd2014-12-03eForward Booksg450.00i6893l0o658.45 MEH B13045pHIMR-BK-13045r2023-01-25 00:00:00v347.00w2014-12-02yBKzB13045